000 00432nam a2200181Ia 4500
001 10379
005 20260306161828.0
008 260306t2005||||xx |||||||||||||| ||spa||
041 _aESP
082 _a922.21
_bR27 2005
100 _aRatzinger, Joseph
_eAUT
245 0 _aMi vida:
_brecuerdos (1927-1977)
260 _c2005
300 _a159 páginas :
_c24 cm.
650 _aGEN
654 _aCHU
942 _cLIB
_dJUS
_fJUS
_2ddc
_n
999 _c10379
_d10379